|
|
|
|
| LEADER |
01037nam a2200241 a 4500 |
| 001 |
423448 |
| 008 |
100214s1979 miu b s000 0 eng d |
| 010 |
|
|
|a 80621248
|
| 040 |
|
|
|a DLC
|c DLC
|d DLC
|d BD-DhAA
|
| 082 |
0 |
0 |
|a 331.12/09173/4
|2 19
|
| 100 |
1 |
|
|a Chuta, Enyinna.
|
| 245 |
1 |
0 |
|a Rural non-farm employment :
|b a review of the state of the art /
|c by Enyinna Chuta and Carl Liedholm.
|
| 260 |
|
|
|a East Lansing, Mich. :
|b Dept. of Agricultural Economics, Michigan State University,
|c 1979.
|
| 300 |
|
|
|a vi, 96 p. ;
|c 28 cm.
|
| 490 |
0 |
|
|a MSU rural development papers ;
|v no. 4
|
| 504 |
|
|
|a Includes Bibliography (p. 85-96.)
|
| 541 |
1 |
|
|e 00001171
|
| 650 |
|
0 |
|a Labor supply
|z Developing countries.
|
| 650 |
|
0 |
|a Rural conditions.
|
| 700 |
1 |
|
|a Liedholm, Carl,
|e joint author.
|
| 852 |
4 |
|
|a Ayesha Abed Library
|j General shelf
|
| 999 |
|
|
|c 7502
|d 7502
|
| 952 |
|
|
|0 0
|1 0
|2 ddc
|4 0
|6 331_120917340000000_CHU
|7 0
|9 8084
|a BRACUL
|b BRACUL
|c GEN
|d 2010-02-14
|g 0.00
|l 1
|m 2
|o 331.12091734 CHU
|p 3010001171
|r 2023-07-19
|s 2023-07-05
|t 1
|w 2010-02-14
|y BK
|z Not price in Register
|